<The> Ageing in Hungary and Japan Comparative Studies about the Developments in the two Countries
Uložené v:
| Ďalší autori: | , |
|---|---|
| Médium: | Kniha |
| Jazyk: | English |
| Vydavateľské údaje: |
Budapest
Hungarian Central Statistical Office
1995
|
| Vydanie: | 1. ed. |
| Predmet: | |
| Tagy: |
Žiadne tagy, Buďte prvý, kto otaguje tento záznam!
|
MARC
| LEADER | 00000nam a2200000 4500 | ||
|---|---|---|---|
| 001 | c010311 | ||
| 005 | 20221205132727.0 | ||
| 020 | |a 963-7109-48-X | ||
| 041 | 0 | |a eng | |
| 044 | |a HU | ||
| 245 | 1 | 0 | |a <The> Ageing in Hungary and Japan |b Comparative Studies about the Developments in the two Countries |c Edit. Hiroko Nishimura, András Klinger |
| 250 | |a 1. ed. | ||
| 264 | 1 | |a Budapest |b Hungarian Central Statistical Office |c 1995 | |
| 300 | |a 239 s. | ||
| 610 | 2 | 0 | |a prognózy sociálne |
| 610 | 2 | 0 | |a postavenie sociálne |
| 610 | 2 | 0 | |a politika sociálna |
| 610 | 2 | 0 | |a demografia |
| 610 | 2 | 0 | |a dôchodky starobné |
| 610 | 2 | 0 | |a aktivita pracovná |
| 610 | 2 | 0 | |a rodina |
| 610 | 2 | 0 | |a populácia |
| 610 | 2 | 0 | |a údaje štatistické |
| 610 | 2 | 0 | |a Maďarsko |
| 610 | 2 | 0 | |a Japonsko |
| 700 | 1 | |a Nishimura, Hiroko | |
| 700 | 1 | |a Klinger, András | |